000 00473nam a22001937a 4500
005 20231004093427.0
008 230922b |||||||| |||| 00| 0 eng d
020 _a0387978917
082 _a616.07572
_bREE-R
100 _aReeder,Maurice M.
245 _aReeder and Felson's Gamuts in Radiology
250 _a3rd.ed.
260 _aUSA
_bSpringer
_c1993
300 _a686
500 _aInclude Index
650 _aMedical
700 _aMaurice M.Reeder
999 _c33676
_d33676